| 000 | 01090cam a22002411 4500 | ||
|---|---|---|---|
| 001 | med47001923 | ||
| 003 | DLC | ||
| 005 | 20260227111604.0 | ||
| 008 | 871201s1947 dcu f000 0 eng | ||
| 010 | _amed47001923 | ||
| 035 | _a(OCoLC)17155604 | ||
| 040 |
_aDLC _cTxDaM-L _dDLC |
||
| 042 | _apremarc | ||
| 050 | 0 | 0 |
_aKF27 _b.I55 1947g |
| 082 | _a614.06173 | ||
| 086 | 0 | _aY 4.In 8/4:P 96/13 | |
| 110 | 1 |
_aUnited States. _bCongress. _bHouse. _bCommittee on Interstate and Foreign Commerce. |
|
| 245 | 0 | 0 |
_aTo amend the Public Health Service act, personnel and administration. _bHearing before a subcommittee of the Committee on Interstate and Foreign Commerce, House of Representatives, Eightieth Congress, first session, on H.R. 3924, a bill to amend the Public Health Service act in regard to certain matters of personnel and administration, and for other purposes. July 3, 1947. |
| 260 |
_aWashington, _bU.S. Govt. Print. Off., _c1947. |
||
| 300 |
_aiii, 32 p. _c23 cm. |
||
| 500 | _aJames I. Dolliver, chairman of subcommittee. | ||
| 610 | 1 | 0 |
_aUnited States. _bPublic Health Service. |
| 999 |
_c38462 _d38462 |
||